Stations aléatoires du métro de Paris selon les correspondances - Statistiques

Statistiques générales
  • Ce quiz a été pris 830 fois
    818 depuis la dernière actualisation
  • Le résultat moyen est 12 sur 20
Statistiques - réponses
Correspondance(s) Station % Correct
Châtelet
98%
Gare de Lyon
91%
Montparnasse - Bienvenüe
91%
Saint-Lazare
90%
Nation
89%
Gare du Nord
85%
Gare de l'Est
84%
Place d'Italie
84%
Invalides
82%
Opéra
82%
Charles de Gaulle - Étoile
81%
République
81%
Bercy
80%
Denfert-Rochereau
79%
Concorde
77%
Les Halles
77%
Odéon
77%
Raspail
77%
Saint-Michel
76%
Barbès - Rochechouart
75%
Hôtel de Ville
74%
Strasbourg - Saint-Denis
74%
Gare d'Austerlitz
72%
Jaurès
72%
Pyramides | Maison Blanche
71%
Palais-Royal - Musée du Louvre
70%
Richelieu - Drouot | Grands Boulevards | Bonne-Nouvelle
70%
Villiers | Père Lachaise
70%
Gambetta
69%
Madeleine
69%
La Défense
68%
Porte d'Italie | Porte d'Ivry
68%
Porte d'Orléans
67%
Miromesnil
66%
Bibliothèque François-Mitterrand
65%
Pigalle
64%
Trocadéro
64%
Stalingrad
63%
Place de Clichy
62%
Porte de Clignancourt
62%
Porte de Vincennes
62%
Reuilly - Diderot
62%
Belleville
61%
Mairie de Saint-Ouen
61%
Franklin D. Roosevelt
60%
Jussieu
60%
Oberkampf
60%
Pont Cardinet
60%
Porte des Lilas
60%
Champs-Élysées - Clemenceau
59%
La Motte-Picquet - Grenelle
59%
Marcadet - Poissonniers
59%
Porte Dorée | Porte de Charenton
59%
Arts et Métiers
58%
Daumesnil
58%
Havre - Caumartin
58%
La Chapelle
58%
Michel-Ange - Molitor | Michel-Ange - Auteuil
58%
Réaumur - Sébastopol
58%
Chevilly-Larue | Aéroport d'Orly
57%
Pasteur
57%
Porte de Pantin
57%
Duroc
56%
Porte Dauphine
56%
Porte de Clichy
56%
Porte de Choisy
55%
Sèvres - Babylone
55%
Balard
54%
Rosny-Bois-Perrier
54%
Bobigny - Pablo Picasso
53%
Carrefour Pleyel | Saint-Denis Pleyel
52%
Louis Blanc
52%
La Courneuve - 8 mai 1945
51%
La Muette | Alma - Marceau
51%
Place des Fêtes
51%
Porte de la Villette
51%
Porte Maillot
50%
Porte de Vanves
49%
Chaussée d'Antin - La Fayette
48%
Château-Landon
47%
Porte de Versailles
47%
Porte de Montreuil
46%
Saint-Denis - Porte de Paris
46%
Bir-Hakeim
45%
Château de Vincennes
45%
Châtillon - Montrouge
45%
Porte de Champerret | Porte de Bagnolet
45%
Pereire
44%
Porte de Saint-Ouen
44%
Cluny - La Sorbonne
41%
Saint-Ouen | Thiais - Orly
41%
Villejuif - Louis Aragon
40%
Pré Saint-Gervais
38%
Solférino
38%
Javel - André Citroën
37%
Porte de la Chapelle
37%
Les Courtilles
36%
Pont de Sèvres
36%
Basilique de Saint-Denis
33%
Saint-Denis - Université
33%
Boulogne - Pont de Saint-Cloud
29%
Mairie d'Ivry
18%
Aucun quiz correspondant
Distribution des résultats
% des personnes avec chaque résultat
Percentile par nombre de réponses
Votre historique - résultats
Vous n’avez pas pris ce quiz depuis la dernière actualisation